Teaching strategies : (Record no. 9466)
[ view plain ]
| 000 -LEADER | |
|---|---|
| fixed length control field | 00964nam a2200253 4500 |
| 008 - FIXED-LENGTH DATA ELEMENTS--GENERAL INFORMATION | |
| fixed length control field | 180704b ||||| |||| 00| 0 eng d |
| 020 ## - INTERNATIONAL STANDARD BOOK NUMBER | |
| International Standard Book Number | 978-1-305-96078-7 |
| 082 ## - DEWEY DECIMAL CLASSIFICATION NUMBER | |
| Edition number | 2018 |
| Classification number | DC 371.102 |
| Item number | Or54 |
| 100 ## - MAIN ENTRY--PERSONAL NAME | |
| 9 (RLIN) | 28097 |
| Personal name | Orlich, Donald C. |
| 245 ## - TITLE STATEMENT | |
| Title | Teaching strategies : |
| Remainder of title | a guide to effective instruction / |
| Statement of responsibility, etc. | Donald C. Orlich [and four others] |
| 250 ## - EDITION STATEMENT | |
| Edition statement | 11th edition |
| 260 ## - PUBLICATION, DISTRIBUTION, ETC. (IMPRINT) | |
| Place of publication, distribution, etc. | Boston, MA, USA : |
| Name of publisher, distributor, etc. | Cengage Learning, |
| Date of publication, distribution, etc. | ©2018. |
| 300 ## - PHYSICAL DESCRIPTION | |
| Extent | xix, 379 pages : |
| Other physical details | color illustrations; |
| Dimensions | 28 cm |
| 500 ## - GENERAL NOTE | |
| General note | Includes bibliographical references and index |
| 650 #0 - SUBJECT ADDED ENTRY--TOPICAL TERM | |
| 9 (RLIN) | 28098 |
| Topical term or geographic name as entry element | Teaching -- Handbooks, manuals, etc |
| 650 #0 - SUBJECT ADDED ENTRY--TOPICAL TERM | |
| 9 (RLIN) | 28099 |
| Topical term or geographic name as entry element | Lesson planning -- Handbooks, manuals, etc |
| 650 #0 - SUBJECT ADDED ENTRY--TOPICAL TERM | |
| 9 (RLIN) | 28100 |
| Topical term or geographic name as entry element | Classroom management -- Handbooks, manuals, etc |
| 700 ## - ADDED ENTRY--PERSONAL NAME | |
| 9 (RLIN) | 28101 |
| Personal name | Harder, Robert J. |
| 700 ## - ADDED ENTRY--PERSONAL NAME | |
| 9 (RLIN) | 28102 |
| Personal name | Trevisan, Michael S. |
| 700 ## - ADDED ENTRY--PERSONAL NAME | |
| 9 (RLIN) | 28109 |
| Personal name | Brown, Abbie H. |
| 700 ## - ADDED ENTRY--PERSONAL NAME | |
| 9 (RLIN) | 28110 |
| Personal name | Miller, Darcy E. |
| 365 ## - TRADE PRICE | |
| Price amount | 7,918.20 |
| Currency code | Php |
| 942 ## - ADDED ENTRY ELEMENTS (KOHA) | |
| Source of classification or shelving scheme | Dewey Decimal Classification |
| Koha item type | Circulation |
| Withdrawn status | Lost status | Source of classification or shelving scheme | Damaged status | Not for loan | Collection code | Home library | Current library | Shelving location | Date acquired | Source of acquisition | Cost, normal purchase price | Total Checkouts | Full call number | Barcode | Date last seen | Date last checked out | Copy number | Price effective from | Koha item type |
|---|---|---|---|---|---|---|---|---|---|---|---|---|---|---|---|---|---|---|---|
| Dewey Decimal Classification | Circulation | UM Digos College - LIC | UM Digos College - LIC | Book Cart | 06/08/2018 | Purchased | 7918.20 | 1 | DC 371.102 Or54 2018 | 24973 | 05/15/2025 | 08/18/2020 | 1 | 07/04/2018 | Circulation |
